000
00299nam a22001337a 4500
008
210303b ||||| |||| 00| 0 eng d
020
_a
9780131872943
041
_a
eng
080
_2
8th
_a
338
100
_a
53
101
_a
MEN
245
_a
Operations Management
_c
Krajewski,J.L
942
_2
udc
_c
BK
999
_c
55640
_d
55640